Walden dos /
Novela del norteamericano Burrhus Frederick Skinner (1904-1990), uno de los principales representantes del conductismo. La narración toma su nombre de la heterodoxa obra Walden o la vida en los bosques (1854), del escritor norteamericano Henry David Thoreau (1817-1862). A diferencia del retiro al bo...
Furkejuvvon:
| Váldodahkki: | |
|---|---|
| Eará dahkkit: | |
| Materiálatiipa: | Girji |
| Giella: | espánnjágiella |
| Almmustuhtton: |
Barcelona, España :
Fontanella,
1971, c1968
|
| Preanttus: | 2a edición |
| Ráidu: | (Pensamiento Fontanella ;
20) |
| Fáttát: | |
| Fáddágilkorat: |
Eai fáddágilkorat, Lasit vuosttaš fáddágilkora!
|
MARC
| LEADER | 00000nam^a2200000^a^4500 | ||
|---|---|---|---|
| 001 | 000138026 | ||
| 005 | 20250521000000.0 | ||
| 009 | 20260310095414.966 | ||
| 037 | |a Acervo ITESO - Biblioteca | ||
| 041 | |a ESP | ||
| 082 | |a 813. |b SKI | ||
| 100 | |a Skinner, Burrhus Frederic |e (autor) | ||
| 240 | 1 | 1 | |a [Walden dos] |
| 245 | 1 | 0 | |a Walden dos / |c B.F. Skinner ; pról. y notas de R. Bayés. |
| 250 | |a 2a edición | ||
| 264 | 4 | |a Barcelona, España : |b Fontanella, |c 1971, c1968 | |
| 300 | |a 377 p. | ||
| 336 | |a texto |b txt |2 rdacontenido | ||
| 337 | |a sin mediación |b n |2 rdamedio | ||
| 338 | |a volumen |b nc |2 rdasoporte | ||
| 440 | 1 | |a (Pensamiento Fontanella ; |v 20) | |
| 500 | |a Traducción de: Walden Two | ||
| 520 | |a Novela del norteamericano Burrhus Frederick Skinner (1904-1990), uno de los principales representantes del conductismo. La narración toma su nombre de la heterodoxa obra Walden o la vida en los bosques (1854), del escritor norteamericano Henry David Thoreau (1817-1862). A diferencia del retiro al bosque y el alejamiento de la civilización que ocurre en el caso de Thoreau, Skinner describe una utopía construida en Estados Unidos con los últimos adelantos de la psicología y la ciencia. El común denominador de ambas creaciones parece radicar en el hecho de que son experimentos con un sistema de vida distinto del normalmente aceptado. | ||
| 649 | |a XX | ||
| 650 | |a Novela Norteamericana | ||
| 650 | |a Literatura Norteamericana - |y Siglo XX | ||
| 650 | |a Ciencia-Ficción | ||
| 650 | |a Utopía - |z EUA | ||
| 650 | |a Conductismo | ||
| 650 | |a Psicología Experimental | ||
| 650 | |a Psicología Social | ||
| 650 | |a Psicología y Literatura | ||
| 650 | |a Psicología - |x Filosofía | ||
| 650 | |a Psicología - |x Teoría | ||
| 700 | |a Bayés, Ramón |e (prólogo) | ||
| 910 | |a Fondo Armando Suárez Gómez | ||
| 920 | |a Impresos - Libros | ||
| 930 | |a Fondos Especiales | ||
| 940 | |a Literatura | ||
| 905 | |a 111 | ||
| 901 | |a 0700001299 |b IT2 |c ESP |u 20250521 | ||
| 902 | |a https://opac.biblio.iteso.mx/vufind/Record/000138026 | ||